MARC details
| 000 -LEADER |
| fixed length control field |
02850cam a2200757 a 4500 |
| 001 - CONTROL NUMBER |
| control field |
23471 |
| 003 - CONTROL NUMBER IDENTIFIER |
| control field |
VRT |
| 005 - DATE AND TIME OF LATEST TRANSACTION |
| control field |
20260624110928.0 |
| 008 - FIXED-LENGTH DATA ELEMENTS--GENERAL INFORMATION |
| fixed length control field |
240318s2016 xo a b 000 0dslo |
| 015 ## - NATIONAL BIBLIOGRAPHY NUMBER |
| National bibliography number |
SNBA2017/02 |
| 020 ## - INTERNATIONAL STANDARD BOOK NUMBER |
| International Standard Book Number |
9788089793129 |
| Qualifying information |
(viaz.) |
| 035 ## - SYSTEM CONTROL NUMBER |
| System control number |
urn:nbn:sk:snk-am00cwhe |
| 035 ## - SYSTEM CONTROL NUMBER |
| System control number |
urn:nbn:sk:snk-am3hn84 |
| 035 ## - SYSTEM CONTROL NUMBER |
| System control number |
7C872FFA-CF98-4B7A-AC17-C2D0BB51B4F0 |
| 039 #9 - LEVEL OF BIBLIOGRAPHIC CONTROL AND CODING DETAIL [OBSOLETE] |
| Level of rules in bibliographic description |
202403182249 |
| Level of effort used to assign nonsubject heading access points |
VLOAD |
| Level of effort used to assign subject headings |
202308141054 |
| Level of effort used to assign classification |
AUTHORITY |
| Level of effort used to assign subject headings |
202308141042 |
| Level of effort used to assign classification |
AUTHORITY |
| Level of effort used to assign subject headings |
202001151611 |
| Level of effort used to assign classification |
VLOAD |
| 040 ## - CATALOGING SOURCE |
| Original cataloging agency |
SVKBB |
| Language of cataloging |
slo |
| Transcribing agency |
SVKBB |
| Modifying agency |
SNK |
| Description conventions |
AACR2 |
| 041 1# - LANGUAGE CODE |
| Language code of text/sound track or separate title |
slo |
| Language code of original |
eng |
| 044 ## - COUNTRY OF PUBLISHING/PRODUCING ENTITY CODE |
| MARC country code |
xo |
| ISO country code |
SK |
| 072 #7 - SUBJECT CATEGORY CODE |
| Subject category code |
27-4 |
| Subject category code subdivision |
Praktická teológia. Morálna teológia |
| Source |
konspekt |
| 072 #7 - SUBJECT CATEGORY CODE |
| Subject category code |
0/9-053.2 |
| Subject category code subdivision |
Literatúra pre deti a mládež (náučná) |
| Source |
konspekt |
| 080 ## - UNIVERSAL DECIMAL CLASSIFICATION NUMBER |
| Universal Decimal Classification number |
27-184 |
| Edition identifier |
2011 |
| 080 ## - UNIVERSAL DECIMAL CLASSIFICATION NUMBER |
| Universal Decimal Classification number |
316.346.2-055.15 |
| Edition identifier |
2011 |
| 080 ## - UNIVERSAL DECIMAL CLASSIFICATION NUMBER |
| Universal Decimal Classification number |
27 |
| Edition identifier |
2011 |
| 080 ## - UNIVERSAL DECIMAL CLASSIFICATION NUMBER |
| Universal Decimal Classification number |
27-423.79 |
| Edition identifier |
2011 |
| 080 ## - UNIVERSAL DECIMAL CLASSIFICATION NUMBER |
| Universal Decimal Classification number |
316.472.4 |
| Edition identifier |
2011 |
| 080 ## - UNIVERSAL DECIMAL CLASSIFICATION NUMBER |
| Universal Decimal Classification number |
17.02 |
| Edition identifier |
2011 |
| 080 ## - UNIVERSAL DECIMAL CLASSIFICATION NUMBER |
| Universal Decimal Classification number |
27-277.2 |
| Edition identifier |
2011 |
| 080 ## - UNIVERSAL DECIMAL CLASSIFICATION NUMBER |
| Universal Decimal Classification number |
(0:82-6) |
| Edition identifier |
2011 |
| 080 ## - UNIVERSAL DECIMAL CLASSIFICATION NUMBER |
| Universal Decimal Classification number |
(0.05) |
| Edition identifier |
2011 |
| 100 1# - MAIN ENTRY--PERSONAL NAME |
| Personal name |
Shepherd, Sheri Rose, |
| Dates associated with a name |
1961- |
| Relationship |
aut |
| 240 10 - UNIFORM TITLE |
| Uniform title |
His mighty warrior |
| Language of a work |
Slovensky |
| 245 10 - TITLE STATEMENT |
| Title |
Mocnému bojovníkovi |
| Remainder of title |
drahocenné listy od Kráľa |
| Statement of responsibility, etc. |
Sheri Rose Shepherd ; ilustrovala: Lisa Marie Browning ; [preklad: Eva Pelzlová] |
| 260 ## - PUBLICATION, DISTRIBUTION, ETC. |
| Place of publication, distribution, etc. |
Bratislava |
| Name of publisher, distributor, etc. |
Christian Project Support |
| Date of publication, distribution, etc. |
c2016 |
| 300 ## - PHYSICAL DESCRIPTION |
| Extent |
108 s. |
| Other physical details |
fareb. ilustr. |
| Dimensions |
21 cm |
| 500 ## - GENERAL NOTE |
| General note |
Biografické údaje |
| 500 ## - GENERAL NOTE |
| General note |
Preložené z angličtiny |
| 650 07 - SUBJECT ADDED ENTRY--TOPICAL TERM |
| Topical term or geographic name entry element |
Boh a človek |
| Source of heading or term |
SNKPH |
| 650 07 - SUBJECT ADDED ENTRY--TOPICAL TERM |
| Topical term or geographic name entry element |
chlapci |
| General subdivision |
kresťanské chápanie |
| Source of heading or term |
SNKPH |
| 650 07 - SUBJECT ADDED ENTRY--TOPICAL TERM |
| Topical term or geographic name entry element |
kresťanská láska |
| Source of heading or term |
SNKPH |
| 650 07 - SUBJECT ADDED ENTRY--TOPICAL TERM |
| Topical term or geographic name entry element |
interpersonálne vzťahy |
| General subdivision |
kresťanské chápanie |
| Source of heading or term |
SNKPH |
| 650 07 - SUBJECT ADDED ENTRY--TOPICAL TERM |
| Topical term or geographic name entry element |
životná múdrosť |
| Source of heading or term |
SNKPH |
| 650 07 - SUBJECT ADDED ENTRY--TOPICAL TERM |
| Topical term or geographic name entry element |
biblické citáty |
| Source of heading or term |
SNKPH |
| 650 07 - SUBJECT ADDED ENTRY--TOPICAL TERM |
| Topical term or geographic name entry element |
Relations between God and man |
| Source of heading or term |
SNKPHeng |
| 650 07 - SUBJECT ADDED ENTRY--TOPICAL TERM |
| Topical term or geographic name entry element |
Boys |
| General subdivision |
Christian approach |
| Source of heading or term |
SNKPHeng |
| 650 07 - SUBJECT ADDED ENTRY--TOPICAL TERM |
| Topical term or geographic name entry element |
Christian love |
| Source of heading or term |
SNKPHeng |
| 650 07 - SUBJECT ADDED ENTRY--TOPICAL TERM |
| Topical term or geographic name entry element |
Interpersonal relations |
| General subdivision |
Christian approach |
| Source of heading or term |
SNKPHeng |
| 650 07 - SUBJECT ADDED ENTRY--TOPICAL TERM |
| Topical term or geographic name entry element |
Life wisdom |
| Source of heading or term |
SNKPHeng |
| 650 07 - SUBJECT ADDED ENTRY--TOPICAL TERM |
| Topical term or geographic name entry element |
Biblical quotations |
| Source of heading or term |
SNKPHeng |
| 655 #7 - INDEX TERM--GENRE/FORM |
| Genre/form data or focus term |
fiktívna korešpondencia |
| Source of term |
SNKPH |
| 655 #7 - INDEX TERM--GENRE/FORM |
| Genre/form data or focus term |
Imaginary letters |
| Source of term |
SNKPHeng |
| 655 #7 - INDEX TERM--GENRE/FORM |
| Genre/form data or focus term |
publikácie pre deti a mládež |
| Source of term |
SNKPH |
| 655 #7 - INDEX TERM--GENRE/FORM |
| Genre/form data or focus term |
Publications for children and youth |
| Source of term |
SNKPHeng |
| 700 1# - ADDED ENTRY--PERSONAL NAME |
| Personal name |
Browning, Lisa Marie |
| Relationship |
ill |
| 700 1# - ADDED ENTRY--PERSONAL NAME |
| Personal name |
Simo Pelzlová, Eva |
| Relationship |
trl |
| 910 ## - USER-OPTION DATA (OCLC) |
| User-option data |
snk |
| 910 ## - USER-OPTION DATA (OCLC) |
| User-option data |
savuk |
| 910 ## - USER-OPTION DATA (OCLC) |
| User-option data |
totk |
| 942 ## - ADDED ENTRY ELEMENTS (KOHA) |
| Source of classification or shelving scheme |
Dewey Decimal Classification |
| Koha item type |
Krásna literatúra pre deti |
| Suppress in OPAC |
No |
| 949 ## - LOCAL PROCESSING INFORMATION (OCLC) |
| 6 |
2889325685 |
| a |
savukPV 23954 |
| b |
savuk2017/1761 |
| 949 ## - LOCAL PROCESSING INFORMATION (OCLC) |
| 6 |
273K0621087 |
| a |
svkpoA 235905 |
| b |
svkpo617813 |
| 949 ## - LOCAL PROCESSING INFORMATION (OCLC) |
| 6 |
270001000553576 |
| a |
svkbbA 149852 |
| b |
svkbbm 766514 |
| 949 ## - LOCAL PROCESSING INFORMATION (OCLC) |
| 6 |
17A1252546 |
| a |
snkSC 172992 |
| b |
snk2017/3265 |
| o |
244/17 |
| s |
6100:20170224 |
| 949 ## - LOCAL PROCESSING INFORMATION (OCLC) |
| 6 |
17A1252545 |
| a |
snkSC 172992 D1 |
| b |
snk2017/3266 |
| o |
244/17 |
| 949 ## - LOCAL PROCESSING INFORMATION (OCLC) |
| 6 |
273K0629174 |
| a |
svkpoA 237737 |
| b |
svkpo623059 |